| 000 | 01612naa a22004337a 4500 | ||
|---|---|---|---|
| 001 | BR8205325 | ||
| 003 | BR-BrBNA | ||
| 005 | 20240918175155.0 | ||
| 007 | ta | ||
| 008 | 230509b bl.||||| |||| 00| 0 por d | ||
| 040 |
_aBR-BrBNA _bpor _cBiblioteca Nacional de Agricultura |
||
| 041 | _a(Pt) | ||
| 072 |
_aF30; H20 _b0180 _b4120 _bG514 |
||
| 090 | _aF30 BR8205325 | ||
| 100 | 1 | _aMatzenbacher, R.G. | |
| 100 | 1 | _aRosito, C. | |
| 100 | 1 | _aTorres, L.A.M. | |
| 100 | 1 | _aSvoboda, L.H. | |
| 100 | 1 | _aNeto, N. | |
| 100 | 1 | _aGiordani, N.A. | |
| 100 | 1 | _aMor, M.J. | |
| 111 | 1 |
_a12. Reuniao Nacional de Pesquisa de Trigo _cCascavel, PR (Brazil) _d19-23 Jul 1982 |
|
| 245 | 1 | _aMelhoramento de trigo no Centro de Experimentacao e Pesquisa da Federacao das Cooperativas de Trigo e Soja do Rio Grande do Sul Ltda. em 1981 [Triticum spp., fungo, variedade resistente, Brasil] | |
| 260 | 3 |
_aCruz Alta, RS (Brasil): _c1982. |
|
| 500 | _aContribuicao do Centro de Experimentacao e Pesquisa a 12. Reuniao Nacional de Pesquisa de Trigo Cruz Alta, RS (Brasil): 1982. p. 1-11 (BR8205325-AM)F30 | ||
| 650 | _aTRIGO | ||
| 650 | _aVARIEDADE | ||
| 650 | _aHIBRIDO | ||
| 650 | _aCRUZAMENTO VEGETAL | ||
| 650 | _aDOENCA DE PLANTA | ||
| 650 | _aFUNGO | ||
| 650 | _aVARIEDADE RESISTENTE | ||
| 650 | _aSELECAO MASSAL | ||
| 650 | _aRENDIMENTO | ||
| 650 | _aRIO GRANDE DO SUL | ||
| 773 | 0 |
_tContribuicao do Centro de Experimentacao e Pesquisa a 12. Reuniao Nacional de Pesquisa de Trigo _wF30 BR8205325 _gCruz Alta, RS (Brasil), 1982. p. 1-11 |
|
| 909 |
_a202404 _bLucia _c55 _dLucia Elande |
||
| 942 |
_cAM _2AGRIS |
||
| 999 |
_c315399 _d315399 |
||